| 000 | 01457nam a22001577a 4500 | ||
|---|---|---|---|
| 041 | _aukr | ||
| 080 | _a09 | ||
| 090 | _bЧЕР | ||
| 100 | _aЧерняк С.В. | ||
| 245 | _aРоль мови в соціальних взаємовідносинах. | ||
| 260 |
_aОстрог _bКАФ _c2007 |
||
| 300 | _a64 | ||
| 520 |
_aВСТУП
РОЗДІЛ 1 СОЦІОЛІНГВІСТИКА ЯК СОЦІАЛЬНА ТЕОРІЯ РЕАЛЬНОСТІ.
1.1 Соціолінгвістика як науковий інстумент теорії і практики мовного планування.
1.2 Основні засади і особливості американської соціолінгвістики.
1.3 Соціолінгвістика і діалектологія.
РОЗДІЛ 2 МОВА ЯК САМОДОСТАТНЯ СИСТЕМА І ДИВИЙ ОРГАНІЗМ, ЩО РОЗВИВАЄТЬСЯ ВІДПОВІДНО ДО ПОТРЕБ СУСПІЛЬСТВА.
2.1 Системно-структурні ознаки мови.
2.2 Соціокультурна значимість слів та їх порядок у стійких словосполученнях.
2.3 Ми та вони: від моделі простору до моделювання соціокультурної взаємодії.
ВИСНОВКИ _0соціолінгвістика,діалектологія, мова. |
||
| 650 | _aResearch Papers | ||
| 999 |
_c284050 _d284050 |
||
| 942 | _cBK | ||